NDU-K Library Catalogue

Girl in a jacket 

Why it's kicking off everywhere : (Record no. 23724)

MARC details
000 -LEADER
fixed length control field 01201cam a22003734a 4500
001 - CONTROL NUMBER
control field 17186840
003 - CONTROL NUMBER IDENTIFIER
control field OSt
005 - DATE AND TIME OF LATEST TRANSACTION
control field 20260428082503.0
008 - FIXED-LENGTH DATA ELEMENTS--GENERAL INFORMATION
fixed length control field 120228s2012 enk b 001 0 eng d
010 ## - LIBRARY OF CONGRESS CONTROL NUMBER
LC control number 2011410688
015 ## - NATIONAL BIBLIOGRAPHY NUMBER
National bibliography number GBB1B3736
Source bnb
020 ## - INTERNATIONAL STANDARD BOOK NUMBER
International Standard Book Number 9781844678518
Qualifying information pbk.
020 ## - INTERNATIONAL STANDARD BOOK NUMBER
International Standard Book Number 1844678512
Qualifying information pbk.
035 ## - SYSTEM CONTROL NUMBER
System control number 17186840
035 ## - SYSTEM CONTROL NUMBER
System control number (OCoLC)769192643
040 ## - CATALOGING SOURCE
Original cataloging agency NLE
Transcribing agency NLE
Modifying agency MUB
-- YDXCP
-- BDX
-- DLC
042 ## - AUTHENTICATION CODE
Authentication code lccopycat
050 00 - LIBRARY OF CONGRESS CALL NUMBER
Classification number HM876
Item number .M37 2012
082 04 - DEWEY DECIMAL CLASSIFICATION NUMBER
Classification number 909.8312
Edition number 23
100 1# - MAIN ENTRY--PERSONAL NAME
Personal name Mason, Paul,
Dates associated with a name 1960-
245 10 - TITLE STATEMENT
Title Why it's kicking off everywhere :
Remainder of title the new global revolutions /
Statement of responsibility, etc. Paul Mason.
260 ## - PUBLICATION, DISTRIBUTION, ETC.
Place of publication, distribution, etc. London ;
-- New York :
Name of publisher, distributor, etc. Verso,
Date of publication, distribution, etc. 2012.
300 ## - PHYSICAL DESCRIPTION
Extent 237 p. ;
Dimensions 23 cm.
336 ## - CONTENT TYPE
Content type term text
Content type code txt
Source rdacontent
337 ## - MEDIA TYPE
Media type term unmediated
Media type code n
Source rdamedia
338 ## - CARRIER TYPE
Carrier type term volume
Carrier type code nc
Source rdacarrier
504 ## - BIBLIOGRAPHY, ETC. NOTE
Bibliography, etc. note Includes bibliographical references (p. 213-222) and index.
650 #0 - SUBJECT ADDED ENTRY--TOPICAL TERM
Topical term or geographic name entry element Revolutions.
650 #0 - SUBJECT ADDED ENTRY--TOPICAL TERM
Topical term or geographic name entry element World politics
Chronological subdivision 2005-2015.
906 ## - LOCAL DATA ELEMENT F, LDF (RLIN)
a 7
b cbc
c copycat
d 2
e ncip
f 20
g y-gencatlg
942 ## - ADDED ENTRY ELEMENTS (KOHA)
Source of classification or shelving scheme Library of Congress Classification
Koha item type Normal Collection
Suppress in OPAC No
Holdings
Withdrawn status Lost status Source of classification or shelving scheme Damaged status Not for loan Home library Current library Date acquired Inventory number Total Checkouts Full call number Barcode Date last seen Price effective from Koha item type
    Library of Congress Classification     International Peace Support Training Centre (IPSTC) International Peace Support Training Centre (IPSTC) 28/04/2026 2706/2018   HM876 .M37 2012 200127062018 28/04/2026 28/04/2026 Normal Collection
Copyright © 2026 [National Defence University - Kenya]. All rights reserved.